The Art of Goya (Record no. 4729)

MARC details
000 -CABECERA
campo de control de longitud fija 01008nam a2200277 a 4500
001 - NÚMERO DE CONTROL
campo de control BRCA_5035
005 - FECHA Y HORA DE LA ÚLTIMA TRANSACCIÓN
campo de control 20190320204919.0
008 - DATOS DE LONGITUD FIJA--INFORMACIÓN GENERAL
campo de control de longitud fija 041110s1941----u--a######---#000-0#eng-#
041 ## - CÓDIGO DE LENGUA
Código de lengua del texto/banda sonora o título independiente eng
044 ## - CÓDIGO DEL PAÍS DE LA ENTIDAD EDITORA/PRODUCTORA
Código MARC del país u
050 #4 - SIGNATURA TOPOGRÁFICA DE LA BIBLIOTECA DEL CONGRESO
Número de clasificación ND813.G6
Número de documento/Ítem .C38 1941
100 1# - ENTRADA PRINCIPAL--NOMBRE DE PERSONA
Nombre de persona Catton Rich, Daniel
9 (RLIN) 12861
245 10 - MENCIÓN DE TÍTULO
Título The Art of Goya
Resto del título Paintings, Drawings and Prints
Mención de responsabilidad, etc. edited by Daniel Catton Rich ; with a note on The Technique of Goya by F. Schmid.
250 ## - MENCIÓN DE EDICIÓN
Mención de edición 2
260 ## - PUBLICACIÓN, DISTRIBUCIÓN, ETC.
Lugar de publicación, distribución, etc. Estados Unidos
Nombre del editor, distribuidor, etc. Art Institute of Chicago
Fecha de publicación, distribución, etc. 1941
300 ## - DESCRIPCIÓN FÍSICA
Extensión 93 p.
Otras características físicas il.
Dimensiones 25 cm.
500 ## - NOTA GENERAL
Nota general Catálogo de la exposición realizada por el ´Art Institute of Chicago´, 30 enero - 2 marzo, 1941
500 ## - NOTA GENERAL
Nota general Incluye la técnica de pintura que Goya realizaba para hacer sus obras artísticas
500 ## - NOTA GENERAL
Nota general D121
600 14 - PUNTO DE ACCESO ADICIONAL DE MATERIA--NOMBRE DE PERSONA
Nombre de persona Goya y Lucientes, Francisco José de
Fechas asociadas al nombre 1746-1828
9 (RLIN) 11075
650 14 - PUNTO DE ACCESO ADICIONAL DE MATERIA--TÉRMINO DE MATERIA
Término de materia o nombre geográfico como elemento de entrada Pintores españoles
9 (RLIN) 7620
650 14 - PUNTO DE ACCESO ADICIONAL DE MATERIA--TÉRMINO DE MATERIA
Término de materia o nombre geográfico como elemento de entrada Dibujantes españoles
9 (RLIN) 12032
700 1# - PUNTO DE ACCESO ADICIONAL--NOMBRE DE PERSONA
Nombre de persona Schmid, F.
9 (RLIN) 12862
902 ## - CATALOGADOR
Iniciales GFM
942 ## - ELEMENTOS DE PUNTO DE ACCESO ADICIONAL (KOHA)
Fuente del sistema de clasificación o colocación Library of Congress Classification
Tipo de ítem Koha Libros
Holdings
Estado de retiro Estado de pérdida Estado dañado No para préstamo Localización permanente Ubicación/localización actual Fecha de adquisición Número de inventario Total de préstamos Signatura topográfica completa Código de barras Fecha visto por última vez Precio válido a partir de Tipo de ítem Koha
El ejemplar forma parte de la colección y puede ser consultado según las políticas vigentes.       Biblioteca del Museo Franz Mayer (Rogerio Casas-Alatriste) Biblioteca del Museo Franz Mayer (Rogerio Casas-Alatriste) 04/11/2010 D121   ND813.G6 .C38 1941 (D121) 5145 22/03/2019 22/03/2019 Libros